|
|
|
|
| LEADER |
00637cam a2200193 7i4500 |
| 001 |
0000080540 |
| 005 |
20231127090000.0 |
| 020 |
|
|
|a 9789798433245 (paperback)
|
| 090 |
0 |
0 |
|a HD30.4
|b .S84 2009
|
| 100 |
0 |
|
|a Sugiyono,
|c Prof. Dr
|
| 245 |
1 |
0 |
|a Metode penelitian bisnis
|c Prof. Dr. Sugiyono.
|
| 264 |
|
|
|a Bandung, Indonesia:
|b Alfabeta,
|c 2009.
|
| 300 |
|
|
|a xx, 540 pages;
|c 24 cm.
|
| 336 |
|
|
|a text
|2 rdacontent
|
| 337 |
|
|
|a unmediated
|2 rdamedia
|
| 338 |
|
|
|a volume
|2 rdacarrier
|
| 500 |
|
|
|a Gift: Prof. Madya Dr. Setyawan Widyarto
|
| 650 |
|
0 |
|a Industrial management --
|x Research
|
| 999 |
|
|
|a 0000070618
|b BOK
|c OPEN SHELF
|e 1st Floor, Bestari Jaya
|